003860000a220013300045000410008000000820021000082450069000292600049000983000012001470010005001593360027001643370033001913380028002240 aENG04aG 266.001 S6358r10aReadings in missionary anthropology / William A. Smalley, Editor aTarrytown, N.Y., USA : Practical Antropology a368 Pag7397 atextobtxt2rdacontent 2rdamediaasin mediaciónbn 2rdacarrieravolumenbnc